Normal view
MARC view
- Macintosh (Computer)
Entry Topical Term
001 - CONTROL NUMBER
- control field: 44489
003 - CONTROL NUMBER IDENTIFIER
- control field: NUST
005 - DATE AND TIME OF LATEST TRANSACTION
- control field: 20210314133003.0
008 - FIXED-LENGTH DATA ELEMENTS
- fixed length control field: 210314|| aca||aabn | a|a d
040 ## - CATALOGING SOURCE
- Original cataloging agency: NUST
- Transcribing agency: NUST
150 ## - HEADING--TOPICAL TERM
- Topical term or geographic name entry element: Macintosh (Computer)
- General subdivision: Programming
670 ## - SOURCE DATA FOUND
- Source citation: Work cat.: (NUST): Cobb, Douglas Ford. 44488, Excel in business :, c1985.
